[Event "Challenge"]
[Site "http://www.queenalice.com/game.php?id=1808472"]
[Date "2023.3.22"]
[Round "-"]
[White "naugard47"]
[Black "kaktusIII"]
[Result "1-0"]
[WhiteElo "1707"]
[BlackElo "1655"]

1. c4 g6 2. Nf3 Bg7 3. e4 c5 4. Nc3 d6 5. h3 a6 6. Be2 e6 7. O-O Nc6 8. a3 Bd7
9. b4 b6 10. bxc5 dxc5 11. Rb1 Nge7 12. Ng5 Nd4 13. Bd3 e5 14. f4 h6 15. Nxf7
Kxf7 16. fxe5+ Ke8 17. e6 Bxe6 18. Na4 b5 19. Nxc5 Qb6 20. Nxe6 Nxe6+ 21. Kh1
Rc8 22. cxb5 a5 23. a4 h5 24. Be2 Kd7 25. Ba3 Rhf8 26. Qb3 Nc5 27. Bxc5 Qb7 28.
Qd3+ Ke8 29. Rxf8+ Bxf8 30. Bxe7 Qxe7 31. Qd5 Rc5 32. Qa8+ Kf7 33. Rf1+ Kg7 34.
d3 Rc2 35. Bd1 Rxg2 36. Kxg2 Qg5+ 37. Kh1 1-0

[Event "Challenge"]
[Site "http://www.queenalice.com/game.php?id=1810543"]
[Date "2023.4.23"]
[Round "-"]
[White "kaktusIII"]
[Black "naugard47"]
[Result "1-0"]
[WhiteElo "1633"]
[BlackElo "1778"]

1. e4 e5 2. Bc4 Nf6 3. d3 h6 4. Nc3 c6 5. a3 Bd6 6. h3 O-O 7. Nf3 b5 8. Bb3 a5
9. Be3 a4 10. Ba2 b4 11. Nb1 b3 12. cxb3 Qa5+ 13. Bd2 Qb5 14. Qc2 axb3 15. Bxb3
Qb6 16. O-O Kh8 17. Be3 Qd8 18. Re1 Bb7 19. Nbd2 Na6 20. Nc4 Bc7 21. Ncxe5 d5
22. Rad1 Qe7 23. exd5 cxd5 24. Bd4 Qd6 25. Re2 Nh5 26. Be3 Rac8 27. Qd2 Bb6 28.
Bd4 Kg8 29. Bxb6 Qxb6 30. d4 Qxb3 31. Ng4 Rc2 32. Qxc2 Qxc2 33. Rxc2 Rc8 34. Re2
Nc7 35. Re7 Bc6 36. Nfe5 Be8 37. Rc1 f6 38. Nd3 Bb5 39. Rexc7 Rxc7 40. Rxc7 Bxd3
41. b4 Bb5 42. Ne3 Nf4 43. Nf5 Ne6 44. Re7 Bd3 45. Nxh6+ gxh6 46. Rxe6 Kg7 47.
a4 Bc2 48. a5 Ba4 49. a6 1-0

[Event "Challenge"]
[Site "http://www.queenalice.com/game.php?id=1812441"]
[Date "2023.5.23"]
[Round "-"]
[White "kaktusIII"]
[Black "cdare"]
[Result "0-1"]
[WhiteElo "1716"]
[BlackElo "1837"]

1. d4 Nf6 2. Bg5 Ne4 3. Bf4 d5 4. Nd2 Nxd2 5. Qxd2 Nc6 6. O-O-O Bf5 7. e3 e6 8.
a3 Bd6 9. Ne2 O-O 10. Ng3 Bg6 11. Be2 Bxf4 12. exf4 a6 13. Bd3 Bxd3 14. Qxd3 Na5
15. Ne2 Nc4 16. h4 Qd7 17. g4 Qb5 18. Qb3 Qxb3 19. cxb3 Nd6 20. f3 Rac8 21. a4
c5 22. Kb1 c4 23. Rh2 cxb3 24. Rd3 Rc4 25. Nc3 b5 26. a5 Nb7 27. g5 Nxa5 28. h5
Rc6 29. Re2 Rfc8 30. Ree3 b4 31. Na4 Rc1# 0-1

[Event "Challenge"]
[Site "http://www.queenalice.com/game.php?id=1812925"]
[Date "2023.5.31"]
[Round "-"]
[White "naugard47"]
[Black "kaktusIII"]
[Result "1-0"]
[WhiteElo "1732"]
[BlackElo "1655"]

1. e4 e5 2. Bc4 Nc6 3. Bd5 Nf6 4. Bxc6 bxc6 5. d4 exd4 6. Qxd4 c5 7. Qa4 Bd6 8.
Nc3 Bb7 9. f3 O-O 10. Be3 Re8 11. O-O-O h6 12. Qc4 c6 13. Rxd6 Re6 14. Rd2 Qe7
15. Bxc5 d6 16. Ba3 Rd8 17. Nge2 d5 18. Qd4 Qd7 19. Qxa7 Ra8 20. Qc5 Qc7 21.
exd5 Re5 22. f4 Ra5 23. d6 Qd7 24. Qc4 Ba6 25. Qd4 Red5 26. Nxd5 Rxd5 27. Qe3
Ne8 28. Rxd5 cxd5 29. Rd1 Nxd6 30. Rxd5 Qe6 31. Qxe6 fxe6 32. Rxd6 1-0

[Event "Challenge"]
[Site "http://www.queenalice.com/game.php?id=1815067"]
[Date "2023.6.28"]
[Round "-"]
[White "kaktusIII"]
[Black "naugard47"]
[Result "1-0"]
[WhiteElo "1642"]
[BlackElo "1750"]

1. Nf3 f6 2. d4 d5 3. Bf4 Nc6 4. h3 Bf5 5. e3 a6 6. c4 dxc4 7. Bxc4 Qd7 8. Qb3
Na5 9. Qc3 Nxc4 10. Qxc4 e6 11. Nc3 Bd6 12. O-O Bxf4 13. exf4 O-O-O 14. b4 Kb8
15. a4 h6 16. Rfd1 Qf7 17. a5 Ne7 18. b5 axb5 19. Qxb5 c6 20. Qb3 Rd7 21. a6 Nc8
22. g4 Bxg4 23. hxg4 b5 24. Nxb5 cxb5 25. Qxb5+ Ka7 26. Rdb1 Rd5 27. Qb8# 1-0

[Event "Challenge"]
[Site "http://www.queenalice.com/game.php?id=1816809"]
[Date "2023.7.20"]
[Round "-"]
[White "naugard47"]
[Black "kaktusIII"]
[Result "0-1"]
[WhiteElo "1767"]
[BlackElo "1662"]

1. d4 d6 2. e4 a6 3. d5 e6 4. Bc4 e5 5. Be3 Nf6 6. f3 b5 7. Bb3 a5 8. a4 b4 9.
Ne2 c6 10. O-O Bb7 11. c4 bxc3 12. Nbxc3 Be7 13. Ng3 O-O 14. Nf5 Bc8 15. Qd2
Bxf5 16. exf5 Qd7 17. Qd3 Qb7 18. Bc4 Nbd7 19. Qe2 cxd5 20. Nxd5 Nxd5 21. Bxd5
Qxd5 22. Qb5 Qxb5 23. axb5 Rfb8 24. b6 Nc5 25. Bxc5 dxc5 26. Rfd1 Rxb6 27. Rd7
Kf8 28. Rad1 f6 29. R1d2 Rb4 30. h3 Rd4 31. b3 Rc8 32. R7xd4 cxd4 33. Rd3 Rc3
0-1

[Event "Challenge"]
[Site "http://www.queenalice.com/game.php?id=1818064"]
[Date "2023.8.4"]
[Round "-"]
[White "kaktusIII"]
[Black "naugard47"]
[Result "1-0"]
[WhiteElo "1682"]
[BlackElo "1738"]

1. e4 e5 2. Bc4 Bc5 3. d3 h6 4. Nc3 c6 5. a3 d6 6. h3 Nf6 7. Qf3 Nbd7 8. Nge2
Nb6 9. O-O Bd7 10. Be3 Nxc4 11. dxc4 Qc7 12. Rfe1 O-O-O 13. b4 Bb6 14. c5 dxc5
15. Na4 cxb4 16. Nxb6+ Kb8 17. Nxd7+ Rxd7 18. Bxa7+ Kxa7 19. axb4+ Kb8 20. Qa3
Kc8 21. c4 Nxe4 22. Nc3 Ng5 23. Rec1 c5 24. Nd5 cxb4 25. Qa8+ Qb8 26. Ra7 Qxa8
27. Rxa8# 1-0

[Event "Challenge"]
[Site "http://www.queenalice.com/game.php?id=1819063"]
[Date "2023.8.19"]
[Round "-"]
[White "naugard47"]
[Black "kaktusIII"]
[Result "0-1"]
[WhiteElo "1696"]
[BlackElo "1700"]

1. d4 d5 2. Bg5 h6 3. Bf4 Bf5 4. Nf3 Nc6 5. a3 e6 6. e3 g5 7. Bg3 h5 8. h4 f6 9.
Bb5 Ne7 10. hxg5 fxg5 11. Nxg5 a6 12. Ba4 Ng6 13. O-O Qxg5 14. Bf4 Qe7 15. g3
Bg7 16. f3 e5 17. dxe5 O-O-O 18. Bxc6 bxc6 19. c3 Kd7 20. Rf2 Nxe5 21. e4 Be6
22. b4 Ke8 23. Qe2 Bc8 24. Nd2 h4 25. Rh2 Kf7 26. g4 Rdg8 27. Rc1 Bh6 28. Be3
Bxe3+ 29. Qxe3 Ke8 30. Kf2 Rf8 31. exd5 Nxg4+ 0-1

[Event "Challenge"]
[Site "http://www.queenalice.com/game.php?id=1820754"]
[Date "2023.9.14"]
[Round "-"]
[White "naugard47"]
[Black "kaktusIII"]
[Result "0-1"]
[WhiteElo "1710"]
[BlackElo "1694"]

1. e4 e5 2. Bc4 Nf6 3. Nc3 Bc5 4. h3 O-O 5. d3 h6 6. Nf3 Nc6 7. O-O a6 8. a3 b5
9. Bb3 Re8 10. Nd5 Bb7 11. Bd2 Nd4 12. c4 c6 13. Ba5 Qxa5 14. Nxf6+ gxf6 15. Nh4
Kf8 16. Qe1 Qxe1 17. Raxe1 Nxb3 18. Rd1 Bd4 19. Nf5 h5 20. Nd6 Reb8 21. Nxb7
Rxb7 22. Kh1 Nc5 23. b4 Ne6 24. g3 Ke7 25. c5 Bb2 26. Rb1 Bc3 27. f4 exf4 28.
gxf4 Bd4 29. f5 Ng7 30. h4 d6 31. Rfc1 Bf2 32. Kh2 Bxh4 33. Kh3 Bg5 34. cxd6+
Kxd6 35. Rd1 h4 36. d4 Nh5 37. d5 Rg8 38. dxc6+ Kxc6 39. Rd5 Nf4+ 0-1

[Event "Challenge"]
[Site "http://www.queenalice.com/game.php?id=1820755"]
[Date "2023.9.14"]
[Round "-"]
[White "Daniel1962"]
[Black "kaktusIII"]
[Result "1-0"]
[WhiteElo "1835"]
[BlackElo "1705"]

1. d4 f5 2. Bf4 d6 3. Nf3 Nf6 4. Nc3 h6 5. e3 a6 6. Bc4 b5 7. Bd5 Nxd5 8. Nxd5
Bb7 9. Nc3 e6 10. d5 b4 11. Ne2 Bxd5 12. Qd4 c5 13. Qd2 Bxf3 14. gxf3 Be7 15.
Rg1 g5 16. Bg3 h5 17. h3 Nc6 18. f4 g4 19. hxg4 hxg4 20. O-O-O a5 21. Rh1 Kd7
22. c3 Bf6 23. cxb4 axb4 24. Qxd6+ 1-0

[Event "Challenge"]
[Site "http://www.queenalice.com/game.php?id=1820756"]
[Date "2023.9.14"]
[Round "-"]
[White "kaktusIII"]
[Black "matamuff"]
[Result "1/2-1/2"]
[WhiteElo "1711"]
[BlackElo "1787"]

1. e4 Nf6 2. e5 Nd5 3. c4 Nb6 4. d4 d6 5. exd6 cxd6 6. Nf3 Bg4 7. h3 Bh5 8. Nbd2
h6 9. Be2 e6 10. O-O Be7 11. b4 N8d7 12. Bb2 Bg6 13. Re1 O-O 14. a4 Nf6 15. a5
Nbd7 16. Nb3 d5 17. c5 a6 18. Bd3 Bxd3 19. Re3 Be4 20. Ne5 Bh7 21. Nd2 Nxe5 22.
dxe5 Ne4 23. f3 Bg5 24. Rd3 Nxd2 25. Rxd2 Bxd2 26. Qxd2 f5 27. exf6 g5 28. Re1
Kf7 29. h4 Rg8 30. g4 gxh4 31. Qxh6 Bg6 32. Re5 Qf8 33. Qf4 Rh8 34. g5 Rh5 35.
Bd4 Qh8 36. Re2 Qb8 37. Re5 Qc8 38. Re2 Qd7 39. Bc3 Rah8 40. Qg4 h3 41. Kh2 Bf5
42. Qg3 Rg8 43. f4 Rh6 44. Qe3 Rhg6 45. Re1 Rd8 46. Bd4 Be4 47. Rf1 Bf5 48. Re1
Qa4 49. Qd2 Qb5 50. Re3 Qc6 51. Qe2 1/2-1/2

[Event "Challenge"]
[Site "http://www.queenalice.com/game.php?id=1821953"]
[Date "2023.9.29"]
[Round "-"]
[White "kaktusIII"]
[Black "cdare"]
[Result "0-1"]
[WhiteElo "1762"]
[BlackElo "1817"]

1. e4 d5 2. e5 Nc6 3. d4 e6 4. a3 Nge7 5. Nf3 g6 6. Bd3 Bg7 7. O-O O-O 8. Be3 b6
9. Re1 Bb7 10. c4 Ba6 11. b4 Bxc4 12. Bxc4 dxc4 13. Nc3 Nf5 14. Qd2 Nxe3 15.
Rxe3 Bh6 16. Rae1 Bxe3 17. Qxe3 a6 18. Qh6 f6 19. Ne2 Qe7 20. exf6 Qxf6 21. Qe3
b5 22. Ng5 Rae8 23. Ne4 Qg7 24. f3 e5 25. d5 Nd4 26. Qc3 Nxe2+ 27. Rxe2 Rd8 28.
Ng5 Rd6 29. Ne6 Rxe6 30. dxe6 Re8 31. Qxe5 Qxe5 32. Rxe5 Re7 33. g4 h6 34. Kf2
Kg7 35. Ke3 Kf6 36. f4 Rxe6 37. g5+ hxg5 38. Rxe6+ Kxe6 39. fxg5 Kf5 0-1

[Event "Challenge"]
[Site "http://www.queenalice.com/game.php?id=1822875"]
[Date "2023.10.13"]
[Round "-"]
[White "naugard47"]
[Black "kaktusIII"]
[Result "0-1"]
[WhiteElo "1696"]
[BlackElo "1714"]

1. e4 e5 2. Nc3 a6 3. Bc4 b5 4. Bd5 c6 5. Bb3 Nf6 6. a3 Bb7 7. Nf3 Qc7 8. O-O d5
9. d3 d4 10. Ne2 c5 11. h3 Nbd7 12. Ng5 c4 13. dxc4 bxc4 14. Ba4 Be7 15. f3 h6
16. Nxf7 Kxf7 17. c3 Rhd8 18. cxd4 Qb6 19. Kh1 exd4 20. Nxd4 Bc5 21. Nf5 Ne5 22.
Qc2 Bc8 23. Bf4 Bd4 24. Nxd4 Rxd4 25. Bxe5 Rd8 26. Qxc4+ Be6 27. Qb4 Qxb4 28.
axb4 Nd7 29. Bf4 Nf6 30. g4 g5 31. Be5 Nd7 32. Rfd1 Nxe5 33. Rxd8 Rxd8 34. Bd1
Bc4 35. Bc2 Nxf3 36. Rxa6 Rd2 37. b3 Rh2# 0-1

[Event "Challenge"]
[Site "http://www.queenalice.com/game.php?id=1825189"]
[Date "2023.11.14"]
[Round "-"]
[White "naugard47"]
[Black "kaktusIII"]
[Result "0-1"]
[WhiteElo "1686"]
[BlackElo "1734"]

1. e4 e5 2. Nc3 Nf6 3. a3 a6 4. Nf3 d6 5. Bc4 h6 6. h3 b5 7. Bd3 Be6 8. O-O Nc6
9. Nh4 d5 10. Nf3 Bc5 11. b4 Bb6 12. Bb2 O-O 13. exd5 Nxd5 14. Be4 Nce7 15. Nxe5
f6 16. Ng6 Nxg6 17. Bxg6 Qd7 18. Qf3 c6 19. d3 Bc7 20. Ne4 Nf4 21. Bc1 Nxg6 22.
Nc5 Qd6 23. Qg3 Qxg3 24. fxg3 Rfe8 25. Rf3 a5 26. Bd2 Bd5 27. Re3 Ne5 28. Rae1
axb4 29. Bxb4 Bf7 30. g4 Rad8 31. Re4 Bd5 32. R4e3 Be6 33. Bc3 Kf7 34. Nxe6 Rxe6
35. d4 Bb6 36. Kh1 Rde8 37. Re4 Bc7 38. dxe5 Bxe5 39. Bd2 Rd6 40. Bf4 Rde6 41.
c4 Bxf4 42. Rxe6 Rxe6 43. Rxe6 Kxe6 44. cxb5 c5 45. b6 c4 0-1

[Event "Challenge"]
[Site "http://www.queenalice.com/game.php?id=1827183"]
[Date "2023.12.14"]
[Round "-"]
[White "cdare"]
[Black "kaktusIII"]
[Result "0-1"]
[WhiteElo "1817"]
[BlackElo "1713"]

1. e4 e5 2. Nf3 d6 3. h3 a6 4. Bc4 f5 5. Nc3 Ne7 6. d3 h6 7. O-O Nbc6 8. a3 Ng6
9. Bd2 Nf4 10. Bxf4 exf4 11. Qc1 g5 12. exf5 Bxf5 13. b4 Qd7 14. Kh2 O-O-O 15.
Re1 Bg7 16. Qd2 Rhe8 17. Rxe8 Rxe8 18. Re1 Ne5 19. Nxe5 Bxe5 20. f3 h5 21. a4 c6
22. b5 axb5 23. axb5 g4 24. fxg4 hxg4 25. hxg4 Bxg4 26. Qf2 c5 27. Nd5 Kb8 28.
c3 Qh7+ 29. Kg1 Rh8 30. Kf1 Bxc3 31. Nxc3 Qf5 32. Qg1 f3 33. g3 f2 34. Qxf2 Rh1+
35. Kg2 Bh3+ 36. Kxh1 Qxf2 37. Re8+ Ka7 38. Bd5 Qxg3 39. Be4 Qe1+ 40. Kh2 Qh4
41. Rf8 Bf5+ 42. Kg2 Qg4+ 43. Kf2 Qf4+ 44. Kg1 Qe3+ 45. Kh1 Bxe4+ 46. Nxe4 Qh6+
0-1

[Event "Challenge"]
[Site "http://www.queenalice.com/game.php?id=1831963"]
[Date "2024.2.20"]
[Round "-"]
[White "kaktusIII"]
[Black "naugard47"]
[Result "1-0"]
[WhiteElo "1748"]
[BlackElo "1691"]

1. e4 e5 2. h3 c5 3. c4 Nf6 4. Nc3 Nc6 5. Nf3 h6 6. a3 a6 7. Be2 Be7 8. d3 Nd4
9. O-O d6 10. Be3 Nxe2+ 11. Qxe2 O-O 12. Qd2 b6 13. Rfe1 Bb7 14. Nd5 Nxd5 15.
exd5 f5 16. Qc3 e4 17. Nh2 Bh4 18. Nf1 exd3 19. Qxd3 Bc8 20. b4 f4 21. Bd2 f3
22. g3 Bg5 23. Be3 Bxh3 24. Nh2 Bf5 25. Qd2 Qc8 26. Bxg5 hxg5 27. Qxg5 cxb4 28.
Nxf3 Qxc4 29. Rac1 Qxd5 30. Rc7 Rf7 31. Rce7 Qxf3 32. Rxf7 Kxf7 33. Re7+ 1-0

[Event "Challenge"]
[Site "http://www.queenalice.com/game.php?id=1834219"]
[Date "2024.3.26"]
[Round "-"]
[White "naugard47"]
[Black "kaktusIII"]
[Result "1-0"]
[WhiteElo "1684"]
[BlackElo "1748"]

1. f4 d5 2. d4 Bf5 3. Nf3 Nc6 4. e3 a6 5. Nc3 Nf6 6. h3 h6 7. a3 e6 8. Bd3 Qd7
9. Ne5 Nxe5 10. fxe5 Ne4 11. Nxe4 dxe4 12. Bc4 Be7 13. O-O O-O-O 14. b4 b5 15.
Be2 c6 16. c3 h5 17. Rf4 g5 18. Rf2 g4 19. hxg4 hxg4 20. Bxg4 Rh4 21. Bxf5 exf5
22. g3 Rg4 23. Rg2 Rdg8 24. Raa2 Rxg3 25. Rxg3 Rxg3+ 26. Rg2 f4 27. Rxg3 fxg3
28. Qh5 Qe6 29. Kg2 Qg6 30. Qxg6 fxg6 31. Kxg3 Kd7 32. Kf4 g5+ 33. Kxe4 Ke6 34.
Kf3 1-0

[Event "Challenge"]
[Site "http://www.queenalice.com/game.php?id=1834950"]
[Date "2024.4.12"]
[Round "-"]
[White "kaktusIII"]
[Black "cdare"]
[Result "0-1"]
[WhiteElo "1733"]
[BlackElo "1765"]

1. e4 d5 2. e5 Nc6 3. Bb5 Bd7 4. d4 h6 5. Bxc6 Bxc6 6. Nf3 e6 7. O-O Bb4 8. Bd2
Bxd2 9. Qxd2 Ne7 10. Qd3 a6 11. Nc3 O-O 12. Rfe1 b5 13. Ne2 Ng6 14. b4 Nh4 15.
Nxh4 Qxh4 16. g3 Qe7 17. c3 Bd7 18. Nc1 c6 19. Nb3 f6 20. Nc5 f5 21. f4 Be8 22.
a3 Bh5 23. Ra2 Ra7 24. h3 Re8 25. Rg2 a5 26. Re3 axb4 27. cxb4 Rea8 28. Ra2 Re8
29. a4 bxa4 30. Nxa4 Qxb4 31. Qc2 Qxd4 32. Kf2 Ra6 33. Ra3 Rea8 0-1

[Event "Challenge"]
[Site "http://www.queenalice.com/game.php?id=1836473"]
[Date "2024.5.7"]
[Round "-"]
[White "kaktusIII"]
[Black "naugard47"]
[Result "0-1"]
[WhiteElo "1729"]
[BlackElo "1739"]

1. e4 e5 2. Nf3 d6 3. h3 h6 4. d4 exd4 5. Nxd4 Nf6 6. Nc3 a6 7. Bd3 Nbd7 8. O-O
Nc5 9. Bf4 Nxd3 10. Qxd3 Nh5 11. Bg3 Bd7 12. Rad1 c6 13. f3 Nxg3 14. Rf2 Qf6 15.
f4 Nh5 16. f5 O-O-O 17. Nce2 d5 18. exd5 Kb8 19. g4 Qg5 20. Nf3 Nf4 21. Nxg5
Nxd3 22. Rxd3 Bc5 23. Nd4 hxg5 24. b4 Bb6 25. c4 c5 26. Nc2 cxb4 27. Nd4 Rc8 28.
f6 g6 29. Rc2 Bxd4+ 30. Rxd4 Rxh3 31. Kg2 Re3 32. Kf2 Rce8 33. c5 a5 34. c6 bxc6
35. dxc6 Bc8 36. Rd5 Bxg4 37. c7+ Kc8 38. Rxa5 Rc3 39. Ra8+ Kb7 40. Rxe8 Rxc2+
41. Ke1 Bf5 42. Re7 Rxc7 43. Re2 Rc6 44. Rb2 Rb6 45. Rd2 Rxf6 46. Rg2 g4 0-1

[Event "Challenge"]
[Site "http://www.queenalice.com/game.php?id=1839997"]
[Date "2024.7.9"]
[Round "-"]
[White "cdare"]
[Black "kaktusIII"]
[Result "1-0"]
[WhiteElo "1819"]
[BlackElo "1708"]

1. e4 e5 2. Nf3 Qf6 3. Nc3 Bb4 4. Nd5 Qd6 5. Nxb4 Qxb4 6. Qe2 Ne7 7. Qc4 Nec6 8.
Nxe5 Qxc4 9. Nxc4 O-O 10. g3 Nd4 11. Bd3 Re8 12. O-O d6 13. c3 Nf3+ 14. Kg2 Bg4
15. Ne3 Ne5 16. Bc2 Bf3+ 17. Kg1 Be2 18. d3 Bxf1 19. Kxf1 Nbd7 20. Ng2 Nf3 21.
Bd1 Nde5 22. h4 Nh2+ 23. Kg1 Nef3+ 24. Bxf3 Nxf3+ 25. Kh1 Ne5 26. d4 Nd3 27. Be3
Rxe4 28. b4 Rae8 29. Kg1 h6 30. Ne1 Nxe1 31. Rxe1 a6 32. a4 b6 33. Kf1 d5 34.
Rc1 Rxe3 35. fxe3 Rxe3 36. Kf2 Rd3 37. g4 Rh3 38. h5 Rd3 39. c4 Rxd4 40. cxd5
Rxg4 41. b5 Rxa4 42. bxa6 Rxa6 43. Rxc7 b5 44. Rc6 Ra4 45. d6 Rd4 46. Ke3 Rd1
47. Kf4 b4 48. Rb6 f6 49. Ke3 b3 50. Ke2 Rb1 51. d7 Rb2+ 52. Kd3 1-0

[Event "Challenge"]
[Site "http://www.queenalice.com/game.php?id=1840457"]
[Date "2024.7.18"]
[Round "-"]
[White "naugard47"]
[Black "kaktusIII"]
[Result "1-0"]
[WhiteElo "1743"]
[BlackElo "1718"]

1. e4 e5 2. Nf3 d6 3. Nc3 a6 4. Be2 h6 5. O-O Be7 6. Bc4 Nd7 7. b4 Nb6 8. Bb3
Nf6 9. h3 Be6 10. Bxe6 fxe6 11. d3 Qd7 12. Be3 c5 13. a3 Qc7 14. Qd2 d5 15. Nh4
g5 16. Ng6 Rh7 17. Nxe7 Qxe7 18. Bxc5 Qc7 19. f3 O-O-O 20. exd5 Nfxd5 21. Ne4
Nd7 22. Bf2 Rf7 23. Bg3 Nf4 24. Bxf4 gxf4 25. c4 Kb8 26. Kh1 Nb6 27. Qc3 Nd7 28.
Rfd1 Nf6 29. Nc5 Qd6 30. Qc2 Qd4 31. Nxe6 Qd6 32. Nxd8 Qxd8 33. Qc3 Nd7 34. c5
Nf6 35. Qxe5+ Ka7 36. Qxf4 Qd5 37. Qc4 h5 38. h4 Qd7 39. a4 1-0

[Event "Challenge"]
[Site "http://www.queenalice.com/game.php?id=1842787"]
[Date "2024.8.31"]
[Round "-"]
[White "kaktusIII"]
[Black "naugard47"]
[Result "1-0"]
[WhiteElo "1703"]
[BlackElo "1724"]

1. d4 d5 2. Bf4 f5 3. h3 Nf6 4. Nc3 Nc6 5. e3 a6 6. a3 h6 7. Nf3 Ne4 8. Qd3 Be6
9. Ne5 Nxe5 10. Bxe5 Qd7 11. Be2 O-O-O 12. Nxe4 fxe4 13. Qc3 Qc6 14. Qxc6 bxc6
15. Bxa6+ Kb8 16. O-O Bf7 17. b4 e6 18. Rab1 Be8 19. Be2 Rg8 20. c4 Bd6 21. c5
Bxe5 22. dxe5 Ka7 23. a4 Rb8 24. Rb2 Bd7 25. Rfb1 g5 26. g4 Bc8 27. b5 Rg7 28.
b6+ cxb6 29. Rxb6 Rgb7 30. a5 Ka8 31. Ba6 Ka7 32. Bxb7 Rxb7 33. Ra1 Rxb6 34.
axb6+ Kb8 35. Ra7 Bb7 36. Kg2 Kc8 37. Kg3 Kb8 38. h4 Kc8 39. f4 1-0

[Event "Challenge"]
[Site "http://www.queenalice.com/game.php?id=1842802"]
[Date "2024.9.1"]
[Round "-"]
[White "kaktusIII"]
[Black "cdare"]
[Result "0-1"]
[WhiteElo "1720"]
[BlackElo "1827"]

1. d4 Nf6 2. h3 e6 3. c4 Bb4+ 4. Bd2 Bxd2+ 5. Qxd2 a5 6. e3 d5 7. Bd3 Nc6 8. a3
O-O 9. Nc3 b6 10. Nf3 Ba6 11. b3 Ne7 12. O-O c6 13. Rfe1 Ng6 14. e4 dxe4 15.
Nxe4 Nxe4 16. Bxe4 Rc8 17. Re3 Nh4 18. Qc2 f5 19. Bd3 Nxf3+ 20. Rxf3 Qxd4 21.
Rd1 Rcd8 22. Be2 Qf6 23. a4 e5 24. Bd3 g6 25. Qe2 Bb7 26. g4 c5 27. Rg3 Qc6 28.
gxf5 Qh1# 0-1

[Event "Challenge"]
[Site "http://www.queenalice.com/game.php?id=1851790"]
[Date "2025.2.8"]
[Round "-"]
[White "cdare"]
[Black "kaktusIII"]
[Result "0-1"]
[WhiteElo "1980"]
[BlackElo "1696"]

1. e4 e5 2. Nf3 d6 3. h3 h6 4. Nc3 a6 5. Bc4 Nd7 6. d3 Nb6 7. Bb3 Bd7 8. O-O g5
9. Nh2 Bg7 10. Be3 c6 11. Qf3 Nf6 12. Ng4 d5 13. exd5 cxd5 14. Bxb6 Qxb6 15.
Nxf6+ Qxf6 16. Qxd5 Bc6 17. Qc5 O-O-O 18. f3 Kb8 19. Ba4 Bf8 20. Qb6 Rd6 21.
Bxc6 Rxc6 22. Qb3 Bc5+ 23. Kh1 Rd8 24. Ne4 Qe7 25. Nxc5 Rxc5 26. Rac1 f5 27.
Rfe1 Rdc8 28. a3 Qc7 29. Re2 h5 30. c4 Rd8 31. Qc3 g4 32. fxg4 hxg4 33. h4 g3
34. b4 Rc6 35. Rd1 e4 36. c5 Qf4 37. d4 Rh8 38. Kg1 Rch6 39. Qe3 Qxe3+ 40. Rxe3
Rxh4 41. Kf1 Rf4+ 42. Kg1 Rfh4 43. Kf1 f4 44. Rxe4 Rh1+ 45. Ke2 f3+ 46. gxf3
R8h2+ 47. Ke3 Rxd1 48. Rg4 g2 49. Rxg2 Rxg2 50. Ke4 Re2+ 51. Kd5 Kc7 52. f4 Red2
53. f5 Rxd4+ 54. Ke6 Re1+ 55. Kf6 Rd3 56. a4 Rf3 57. Kg6 Rg1+ 58. Kf6 Rgf1 0-1